| 000 | 00549nam a22002051i 4500 | ||
|---|---|---|---|
| 001 | 15299 | ||
| 010 | _a9789727111886 | ||
| 090 | _a15299 | ||
| 100 | _a20170304u u u0frey50 ba | ||
| 101 | 1 | _apor | |
| 200 | 1 |
_fMaurice T. Maschino _aA mentira na relação a dois |
|
| 210 |
_cPergaminho _d1998 |
||
| 215 |
_a182, [10] p. _d23 cm |
||
| 300 | _aOferta de Maria Alice Horta | ||
| 606 | 1 |
_apsicologia do comportamento _92890 |
|
| 675 |
_a159.94 _942 |
||
| 700 | 1 |
_aMaschino _bMaurice T. _4070 |
|
| 701 | 1 |
_aMoço _bSofia _4730 |
|
| 801 |
_aPT _gRPC |
||
| 990 | _cLIVROS | ||